Các di tích hậu kỳ đá cũ và sơ kỳ đá mới ở Quảng Tây Trung Quốc trong quan hệ với bắc Việt Nam
Сохранить в:
| Главный автор: | |
|---|---|
| Формат: | |
| Язык: | Vietnamese |
| Опубликовано: |
Hà Nội
Khoa học xã hội
2008
|
| Предметы: | |
| Метки: |
Добавить метку
Нет меток, Требуется 1-ая метка записи!
|
| Thư viện lưu trữ: | Trung tâm Học liệu Lê Vũ Hùng, Trường Đại học Đồng Tháp |
|---|
| LEADER | 00930pam a22002538a 4500 | ||
|---|---|---|---|
| 001 | 00041095 | ||
| 005 | 20180320080338.0 | ||
| 008 | 121122s2009 ||||||viesd | ||
| 020 | # | # | |c 51000 |
| 041 | 0 | # | |a vie |
| 082 | 1 | 4 | |a 930.1 |b C101D |
| 100 | 1 | # | |e Chủ biên |a Trình, Năng Chung |
| 245 | 0 | 0 | |c Trình Năng Chung |a Các di tích hậu kỳ đá cũ và sơ kỳ đá mới ở Quảng Tây Trung Quốc trong quan hệ với bắc Việt Nam |
| 260 | # | # | |a Hà Nội |b Khoa học xã hội |c 2008 |
| 300 | # | # | |c 21 cm |a 233 tr. |
| 500 | # | # | |a ĐTTS ghi: Viện khoa học xã hội Việt Nam. Viện Khảo cổ |
| 653 | # | # | |a Di tích |
| 653 | # | # | |a Di vật |
| 653 | # | # | |a Khảo cổ |
| 653 | # | # | |a Trung Quốc |
| 653 | # | # | |a Việt Nam |
| 852 | # | # | |j KD.0022989 |
| 910 | |d 20/03/2018 | ||
| 980 | # | # | |a Trung tâm Học liệu Lê Vũ Hùng, Trường Đại học Đồng Tháp |